01061nam a2200229 a 450000100100000000500170001000800410002704000250006808200240009311001120011724500660022926000700029530000240036559000260038965000460041565100740046165000530053565000620058891000420065095201220069299900170081400002181120200930011446.0100913s1961 dr r 000 0 spa d aDO-SdBNPbspacBNPHU a352.48bR426p, 19611 aRepública Dominicana.bSecretariado Técnico de la Presidencia.bOficina Nacional de Presupuesto.93226610aPresupuesto de ingresos y ley de gastos públicos para 1961. aSanto Domingo :bSecretariado Técnico de la Presidencia,c1961. av. :bil. ;c28 cm. aInventariado, 2018/BT 4aPresupuestozRepública Dominicana97940 4aRepública DominicanaxGastos Presupuestados Públicosy1961945306 4aHacienda públicazRepública Dominicana96562 4aPresupuestoxLegislaciónzRepública Dominicana933735 aValidado. Control de calidad. MMOLINA 0010718PDaPDbPDcHDd2010-09-13iLF1l0o352.48 R426p, 1961p21811-10r2020-06-25w2020-06-25yLFPDZNo se presta c21309d21309